| 000 | 00564cam a22002171 4500 | ||
|---|---|---|---|
| 001 | sa 68000797 | ||
| 003 | DLC | ||
| 005 | 20260227112427.0 | ||
| 008 | 890403m19651966xx 000 0 benr | ||
| 010 | _asa 68000797 | ||
| 035 | _a(OCoLC)23558191 | ||
| 040 |
_aDLC _cMiU _dDLC |
||
| 042 | _apremarc | ||
| 050 | 0 | 0 |
_aDS596.8.C46 _bM33 |
| 100 | 0 |
_aMāhabuba-ula Ālama, _d1898- |
|
| 245 | 1 | 0 | _aCaṭṭagrāmera itihāsa. |
| 260 |
_a[n.p.] _c[1965-66] |
||
| 300 |
_a3 v. _c19 cm. |
||
| 500 | _aRomanized. | ||
| 651 | 0 |
_aChattagram District (Bangladesh) _xHistory. |
|
| 999 |
_c77457 _d77457 |
||